Η ποιητική του εγκλεισμού : ενσώματες εμπειρίες ανδρών και γυναικών κατά την ακούσια ψυχιατρική νοσηλεία : διπλωματική εργασία

Αποθηκεύτηκε σε:
Λεπτομέρειες βιβλιογραφικής εγγραφής
Κύριος συγγραφέας: Ντουμάνη, Ευαγγελία
Συγγραφή απο Οργανισμό/Αρχή: Πανεπιστήμιο Αιγαίου Σχολή Κοινωνικών Επιστημών Τμήμα Κοινωνικής Ανθρωπολογίας και Ιστορίας Πρόγραμμα Μεταπτυχιακών Σπουδών Γυναίκες και Φύλα: Ανθρωπολογικές και Ιστορικές Προσεγγίσεις
Άλλοι συγγραφείς: Γιαννακόπουλος, Κώστας (Εισηγητής διατριβής)
Μορφή: Thesis Βιβλίο
Γλώσσα:Greek
Δημοσίευση: 2011
Θέματα:
Διαθέσιμο Online:http://hdl.handle.net/11610/11772
Ετικέτες: Προσθήκη ετικέτας
Δεν υπάρχουν, Καταχωρήστε ετικέτα πρώτοι!

MARC

LEADER 00000cam a2200000 i 4500
001 1/15271
008 110930s2011 gre d
035 |l 10110910 
040 |a GR-MY-UA  |b gre  |e aacr 
041 0 |a gre 
082 0 |a 616  |2 (22) 
100 1 |a Ντουμάνη, Ευαγγελία. 
245 1 2 |a Η ποιητική του εγκλεισμού :  |b ενσώματες εμπειρίες ανδρών και γυναικών κατά την ακούσια ψυχιατρική νοσηλεία : διπλωματική εργασία /  |c επιμέλεια: Ντουμάνη Ευαγγελία ; επιβλέπων καθηγητής: Γιαννακόπουλος Κώστας 
260 |c 2011 
300 |a 108 σ.;  |c 30 εκ. 
502 |a Διατριβή (μεταπτυχιακή) – Πανεπιστήμιο Αιγαίου, Λέσβος, 2011. 
504 |a Βιβλιογραφία: σ. 98-108 
650 0 0 |a Mental illness  |x Social aspects. 
650 0 0 |a Mentally ill  |x Interviews. 
650 0 0 |a Mental illness  |x Physiological aspects. 
650 0 0 |a Mental health services  |z Greece. 
650 0 0 |a Dissertations, Academic  |z Greece. 
700 1 |4 ths  |a Γιαννακόπουλος, Κώστας. 
710 2 |a Πανεπιστήμιο Αιγαίου  |b Σχολή Κοινωνικών Επιστημών  |b Τμήμα Κοινωνικής Ανθρωπολογίας και Ιστορίας  |b Πρόγραμμα Μεταπτυχιακών Σπουδών Γυναίκες και Φύλα: Ανθρωπολογικές και Ιστορικές Προσεγγίσεις. 
852 |a INST  |b LESVOS  |c DIATR  |e 20110930  |h 159  |p 005100051513  |q 005100051513  |t MTXE  |y 23 
852 |a INST  |b LESVOS  |c DIATR  |e 20110930  |h 160  |p 005100051514  |q 005100051514  |t MTXE  |y 23 
856 |u http://hdl.handle.net/11610/11772 
901 |a BIBL1-2011-3 
909 |a Λ  |b 171647 
909 |a Λ  |b 171648 
924 |a ΝΤΟΥΜΑΝΗ  |b ΕΥΑΓΓΕΛΙΑ  |y ΛΕΣΒΟΣ  |z 2011-09 
970 |a ΤΖΑΦΕΡΗ  |b ΕΥΑΓΓΕΛΙΑ  |z 2011/09/30